Disney animated movies by main characters - Statistics

General Stats
  • This quiz has been taken 176 times
  • The average score is 18 of 28
Answer Stats
Hint Answer % Correct
Ariel The Little Mermaid
92%
Simba The Lion King
91%
Belle Beauty and the Beast
88%
Rapunzel Tangled
88%
Mowgli The Jungle Book
87%
Tiana The Princess and the Frog
85%
Anna Frozen
83%
Aurora Sleeping Beauty
81%
Quasimodo The Hunchback of Notre Dame
80%
Judy Hopps Zootopia
80%
Hiro Hamada Big Hero 6
76%
Mirabel Madrigal Encanto
75%
Kuzco The Emperor's New Groove
72%
Arthur The Sword in the Stone
67%
Duchess The Aristocats
63%
Pongo 101 Dalmatians
61%
Ace Cluck Chicken Little
57%
Milo Thatch Atlantis: The Lost Empire
54%
Tod The Fox and the Hound
54%
Kenai Brother Bear
53%
Basil of Baker Street The Great Mouse Detective
52%
Jim Hawkins Treasure Planet
46%
Bernard and Miss Bianca The Rescuers
45%
Asha Wish
40%
Aladar Dinosaur
29%
Taran The Black Cauldron
28%
Maggie Home on the Range
26%
Searcher Clade Strange World
26%
No matching quizzes found
Score Distribution
Percent of People with Each Score
Percentile by Number Answered
Your Score History
You have not taken this quiz